Politique Française en J - Statistiques

Statistiques générales
  • Ce quiz a été pris 220 fois
  • Le résultat moyen est 6 sur 10
Statistiques - réponses
Hint Réponse % Correct
Premier Ministre français de 1997 à 2002, en cohabitation avec Jacques Chirac. Candidat du PS, il est battu par deux fois aux élections présidentielles de 1995 et de 2002 Lionel Jospin
99%
Relation établie entre deux villes de pays différents dans le but de pratiquer des échanges socio-culturels. Jumelage
84%
Ancien Premier Ministre, maire de Bordeaux de 2006 à 2019. Il siège aujourd’hui au Conseil Constitutionnel. Alain Juppé
80%
Candidat d’EELV à l’élection présidentielle de 2022, ancien militant de Greenpeace et actuellement sénateur. Yannick Jadot
78%
Publication officielle dans laquelle sont promulguées les lois, décrets et autres textes législatifs et réglementaires. Journal Officiel
72%
Magistrate franco-norvégienne, elle est une juge d’instruction combative sur des dossiers politico-financiers très médiatiques. Elle s’engage par la suite en politique avec EELV dont elle est la candidate pour l’élection présidentielle de 2012. Elle sera très moquée pour son accent norvégien. Eva Joly
60%
Mouvement de jeunesse autonome du Parti Socialiste Jeunes Socialistes
38%
Concept de redistribution des richesses et d’égalité des chances Justice sociale
33%
Députée de La République en Marche puis du MODEM dans la 7ème circonscription de Loire-Atlantique, elle porte haut et fort le combat contre la soumissions chimique, suite à sa plainte envers le sénateur Joël Guerriau pour tentative d'agression sexuelle avec usage de drogue. Sandrine Josso
11%
Porte parole du Parti Socialiste jusqu’en 2023, député européen et artisan des négociations de la NUPES pour le compte du PS. Pierre Jouvet
9%
Aucun quiz correspondant
Distribution des résultats
% des personnes avec chaque résultat
Percentile par nombre de réponses
Votre historique - résultats
Vous n’avez pas pris ce quiz